Произведения Франца Кафки - Армагеддон - Statistics

General Stats
  • This quiz has been taken 18 times
  • The average score is 4 of 18
Answers on the Grid
Answers color-coded by a green-red scale on the quiz's grid according to % correct below.
Лысая певица
Когда строилась Китайская стена
Голем
Процесс
Верхом на ведре
Блаженство
Драма на охоте
Защитники
Крысы в стенах
Превращение
Под стеклянным колпаком
Вне времени
Плаха
Бездна
Паутина Шарлотты
Одиннадцать сыновей
Приговор
Замок
Мухи
Забота главы семейства
О притчах
Голодарь
Дочь палача
Незнакомцы в поезде
Чужое лицо
История глаза
Описание одной борьбы
В исправительной колонии
Искра жизни
Слепящая тьма
Гибрид
У подножия вулкана
Песнь Сюзанны
К вопросу о законах
Воришка Мартин
Сельский врач
Америка
Этюд в багровых тонах
Хорошего человека найти нелегко
Молчание сирен
 
Answer Stats
Answer % Correct
Процесс
100%
Превращение
69%
Замок
62%
Америка
54%
Приговор
23%
Когда строилась Китайская стена
8%
Голодарь
8%
Описание одной борьбы
8%
В исправительной колонии
8%
К вопросу о законах
8%
Сельский врач
8%
Молчание сирен
8%
Верхом на ведре
0%
Защитники
0%
Одиннадцать сыновей
0%
Забота главы семейства
0%
О притчах
0%
Гибрид
0%
No matching quizzes found
Score Distribution
Percent of People with Each Score
Percentile by Number Answered
Your Score History
You have not taken this quiz